000 01152nam0a22002891 4500
001 rc\4351256
005 20250612055125.0
021 _aRU
_b[59-120ж]
035 _a(NLR Aleph) 008529444
090 _a8278646
_c8278646
100 _a20130416d1958 |||y0rusy50 ca
101 0 _arus
102 _aRU
105 _aa z |||||
200 1 _aМалогабаритные автопогрузчики 4005 и "Мули" с двигателями внутреннего сгорания
210 _aМосква
_cБ. и.
_d1958
215 _a19 с.
_cил.
_d21
225 1 _aВсесоюзный научно-исследовательский институт железнодорожного транспорта. Информационное письмо
_v№ 471
300 _aНа обл. авт. не указан
606 _aАвтопогрузчики
_2psbo
700 1 _4070
_7ca
_8rus
_aЕфимов
_bГ. П.
_cинженер, ж.-д.
_gГерман Павлович
_9257785
_3RU\NLR\AUTH\770257841
801 0 _aRU
_bNLR
_gpsbo
801 1 _aRU
_bELAR
_2rusmarc
852 _aNLR
_jП10/646
942 _cBOOK
980 _aNB